| 000 | 00580nam a2200193 4500 | ||
|---|---|---|---|
| 999 |
_c165599 _d165599 |
||
| 005 | 20190624162930.0 | ||
| 010 | _aENG-125736 | ||
| 020 | _c895.00 | ||
| 035 | _aEN-109268 | ||
| 037 | _bDBAD/PUB | ||
| 082 | _a306.483 | ||
| 100 | _aJayswal Babita | ||
| 245 |
_aCulture and sociology / _cby Babita Jayswal |
||
| 260 |
_aDelhi _bGaurav Book Distributors _c2018 |
||
| 270 |
_aHouse No. 45, Ground Floor, Shivaji Marg, Gali No. 5 _bKartar Nagar, Delhi _e110053 |
||
| 300 |
_aviii,272p. _c22cm(Hb) |
||
| 500 | _aIncludes index | ||
| 942 |
_2ddc _cEN _h306.483 _mJAY |
||